Normal view
MARC view
Entry Topical Term
001 - CONTROL NUMBER
- control field: 54925
003 - CONTROL NUMBER IDENTIFIER
- control field: OSt
005 - DATE AND TIME OF LATEST TRANSACTION
- control field: 20160503125151.0
008 - FIXED-LENGTH DATA ELEMENTS
- fixed length control field: 160503|| aca||aabn | a|a d
040 ## - CATALOGING SOURCE
- Original cataloging agency: OSt
- Transcribing agency: OSt
150 ## - HEADING--TOPICAL TERM
- Topical term or geographic name entry element: Literature
670 ## - SOURCE DATA FOUND
- Source citation: Work cat.: (OSt)11858: त्रिपाठी ब्रजेन्द्र 54924, मलय की माटी में हिन्दी का बिरवा , 2004









